تيسير العلوم / (رقم التسجيلة. 103497)

تفاصيل مارك
000 -LEADER
fixed length control field 00554nam a22002057a 4500
005 - DATE AND TIME OF LATEST TRANSACTION
control field 20251108173424.0
008 - FIXED-LENGTH DATA ELEMENTS--GENERAL INFORMATION
fixed length control field 250721s9999 xx 000 0 ara d
020 ## - INTERNATIONAL STANDARD BOOK NUMBER
International Standard Book Number 9628684574
082 14 - DEWEY DECIMAL CLASSIFICATION NUMBER
Classification number ط/530/عبد
100 1# - MAIN ENTRY--PERSONAL NAME
Personal name عبد الله، يوسف عبد الغفار
245 10 - TITLE STATEMENT
Title تيسير العلوم /
264 ## - PRODUCTION, PUBLICATION, DISTRIBUTION, MANUFACTURE, AND COPYRIGHT NOTICE
Name of producer, publisher, distributor, manufacturer 123 Publishing House،
300 ## - PHYSICAL DESCRIPTION
Extent 52ص.
650 17 - SUBJECT ADDED ENTRY--TOPICAL TERM
Topical term or geographic name as entry element الضوء
650 17 - SUBJECT ADDED ENTRY--TOPICAL TERM
Topical term or geographic name as entry element الفيزياء
650 17 - SUBJECT ADDED ENTRY--TOPICAL TERM
Topical term or geographic name as entry element الحرارة
653 ## - INDEX TERM--UNCONTROLLED
Uncontrolled term ناشاون صغار (10-14) سنه
942 ## - ADDED ENTRY ELEMENTS (KOHA)
Source of classification or shelving scheme Dewey Decimal Classification
Koha item type كتب
المقتنيات
حالة السحب حالة الفقدان مصدر التصنيف حالة التلف غير قابل للإعارة المكتبة الرئيسية المكتبة الحالية موقع الرف تاريخ التزويد الرقم المتسلسل Total Checkouts رقم الإستدعاء الباركود تاريخ آخر ظهور تاريخ الفاتورة نوع المادة (كوها)
    Dewey Decimal Classification     المكتبة المركزية المكتبة المركزية مقتنيات قسم التزويد 28/07/2025 1359042   ط/530/عبد   28/07/2025 28/07/2025 كتب
    Dewey Decimal Classification     مكتبة قتيبة للأطفال مكتبة قتيبة للأطفال الأطفال 28/07/2025 1059196   ط/530/عبد 1059196 28/07/2025 28/07/2025 كتب
    Dewey Decimal Classification     مكتبة أم المؤمنين للأطفال مكتبة أم المؤمنين للأطفال الأطفال 28/07/2025 1059187   ط/530/عبد 1059187 28/07/2025 28/07/2025 كتب
    Dewey Decimal Classification     مكتبة الأميرة سلمى مكتبة الأميرة سلمى الأطفال 28/07/2025 1059189   ط/530/عبد 1059189 28/07/2025 28/07/2025 كتب
    Dewey Decimal Classification     مكتبة البيادر مكتبة البيادر الأطفال 28/07/2025 1059195   ط/530/عبد 1059195 28/07/2025 28/07/2025 كتب
    Dewey Decimal Classification     مكتبة الياسمين للأطفال مكتبة الياسمين للأطفال الأطفال 28/07/2025 1059188   ط/530/عبد 1059188 28/07/2025 28/07/2025 كتب
    Dewey Decimal Classification     مكتبة عدن للأطفال مكتبة عدن للأطفال الأطفال 10/02/2025 1793175   ط/530/عبد PLD00515084 28/07/2025 10/02/2025 كتب
    Dewey Decimal Classification     مكتبة ومركز فرح مكتبة ومركز فرح الأطفال 11/05/2009 1286895   ط/530/عبد PLD00088118 28/07/2025 11/05/2009 كتب
Implemented & Customized by: BBB with SCIT (Smart Chains for Information Technology)

Powered by Koha